|
|
|
|
| LEADER |
01022nab a2200241 i 4500 |
| 001 |
acta24939 |
| 005 |
20220728125414.0 |
| 008 |
161017s2000 hu o 0|| eng d |
| 022 |
|
|
|a 0365-8066
|
| 040 |
|
|
|a SZTE Egyetemi Kiadványok Repozitórium
|b hun
|
| 041 |
|
|
|a eng
|
| 100 |
1 |
|
|a Franus Wojciech
|
| 245 |
1 |
0 |
|a Occurrence of rancieite in the Polish Flysch Carpathians
|h [elektronikus dokumentum] /
|c Franus Wojciech
|
| 260 |
|
|
|a Szegedi Egyetem Ásványtani, Geokémiai és Kőzettani Tanszéke
|b Szeged
|c 2000
|
| 300 |
|
|
|a 43
|
| 490 |
0 |
|
|a Acta mineralogica-petrographica
|v 41
|
| 650 |
|
4 |
|a Természettudományok
|
| 650 |
|
4 |
|a Föld- és kapcsolódó környezettudományok
|
| 695 |
|
|
|a Kőzettan - előadáskivonat, Ásványtan - előadáskivonat, Földtan - előadáskivonat
|
| 700 |
0 |
1 |
|a Manecki A.
|e aut
|
| 700 |
0 |
1 |
|a Wieser T.
|e aut
|
| 710 |
|
|
|a MCC, Minerals of the Carpathians International Conference (2000) (Miskolc)
|
| 856 |
4 |
0 |
|u http://acta.bibl.u-szeged.hu/24939/1/mineralogica_041_suppl_043.pdf
|z Dokumentum-elérés
|